| 000 | 00678na a2200229 4500 | ||
|---|---|---|---|
| 001 | 19189 | ||
| 003 | MIRAKIL | ||
| 005 | 20181213155058.0 | ||
| 008 | 161209b tu 000 0 | ||
| 020 | _a9786058743151 | ||
| 040 |
_aMilas _btur _cTR-AnCHP |
||
| 041 | _atur | ||
| 082 |
_a379.56211 _bH27 2013 |
||
| 090 | _a379.56211 H27 2013 | ||
| 245 |
_aHasanoğlu Yüksek Köy Enstitüsü 70 yaşında _chazırlayan Kemal Kocabaş |
||
| 260 |
_aİzmir _bYeni Kuşak Köy Enstitüleri Derneği Yayınları _c2013 |
||
| 300 |
_a496 s. _bfotg. _c24 sm. |
||
| 650 |
_aKöy enstitüleri _zTürkiye |
||
| 650 |
_aEğitim _zTürkiye |
||
| 700 | _aKocabaş, Kemal | ||
| 942 |
_2ddc _cBKS |
||
| 999 |
_c6176 _d6176 |
||